=LDR 00000nam 2200000 4500 =001 INLIS000000000006970 =005 20130612095037 =008 ***********************************Ind** =035 ##$$0010-061300000006970 =041 ##$$a Ind =082 ##$$a 813.02 =090 ##$$a 813.02, Atm p =100 ##$$a ATMOSUWITO, Subiyantoro =245 ##$$a Perihal sastra dan religiusitas dalam sastra, Subijantoro Atmosuwito. -- =260 ##$$a 1989 $b Bandung =300 ##$$a x, 154 hlm, 21 cm =650 ##$$a Kesusastraan - Jawa =850 ##$$a NBPNMAT